Goliath's birthday / (Record no. 282147)

MARC details
000 -LEADER
fixed length control field 00444nam a2200169Ia 4500
003 - CONTROL NUMBER IDENTIFIER
control field 3228
005 - DATE AND TIME OF LATEST TRANSACTION
control field 20240515110613.0
008 - FIXED-LENGTH DATA ELEMENTS--GENERAL INFORMATION
fixed length control field 210817s9999 xx 000 0 und d
020 ## - INTERNATIONAL STANDARD BOOK NUMBER
International Standard Book Number 9781853400759
040 ## - CATALOGING SOURCE
Transcribing agency [RDA]
082 ## - DEWEY DECIMAL CLASSIFICATION NUMBER
Classification number EKF DIKS
245 #0 - TITLE STATEMENT
Title Goliath's birthday /
Statement of responsibility, etc. by Terrance Dicks
260 ## - PUBLICATION, DISTRIBUTION, ETC.
Place of publication, distribution, etc. London :
Name of publisher, distributor, etc. Piccadilly;
Date of publication, distribution, etc. 1990.
300 ## - PHYSICAL DESCRIPTION
Extent 51 pages.
Dimensions 20 cm.
490 ## - SERIES STATEMENT
Series statement The adventures of David and Goliath
942 ## - ADDED ENTRY ELEMENTS
item type Books
Source of classification or shelving scheme Dewey Decimal Classification
-- 395
-- Kholofelo Moabelo
Holdings
Withdrawn status Lost status Damaged status Not for loan Home library Current library Date acquired Cost, normal purchase price Total Checkouts Barcode Date last seen Date last checked out Price effective from item type
        Stanwest Public Library Stanwest Public Library 19.08.2021 199.00 1 33228019109477 30.04.2024 10.04.2024 19.08.2021 Books